Modalidades oficiais de cubo mágico - Sudden Death - Statistics

Estatísticas Gerais
  • Esse quiz foi jogado 46 vezes
    30 desde o último reset
  • A pontuação média é 5 de 17
Answers on the Grid
Answers color-coded by a green-red scale on the quiz's grid according to % correct below.
Pyramorphix
3x3x3 Gear Cube
Mirror Blocks
Gigaminx
8x8x8
Square-2
6x6x6 BLD
4x4x4 OH
2x2x2 OH
2x2x2
3x3x3
3x3x3 OH
3x3x3 BLD
3x3x3 FM
3x3x3 multi BLD
3x3x3 with feet
4x4x4
4x4x4 BLD
5x5x5
5x5x5 BLD
6x6x6
7x7x7
Pyraminx
Megaminx
Square-1
Clock
Skewb
 
Estatísticas das Respostas
Resposta % Correto
3x3x3
79%
5x5x5
57%
4x4x4
36%
7x7x7
36%
2x2x2
29%
3x3x3 BLD
29%
4x4x4 BLD
29%
6x6x6
29%
Megaminx
29%
Square-1
29%
3x3x3 OH
21%
Clock
21%
3x3x3 FM
14%
5x5x5 BLD
14%
Pyraminx
14%
Skewb
14%
3x3x3 multi BLD
7%
Nenhum quiz correspondente encontrado
Distribuição das Pontuações
Porcentagem de Pessoas com Cada Pontuação
Percentil de Números Respondidos
Sua Pontuação Histórica
Você não jogou esse quiz desde o último reset